U.S. State Capitals on a Blank Map - Statistics

General Stats
  • This quiz has been taken 101 times
  • The average score is 43 of 50
Answers on the Map
Answers color-coded by a green-red scale on the quiz's map according to % correct below.
 
Answer Stats
States Capital Cities % Correct
Georgia Atlanta
96%
Arizona Phoenix
96%
California Sacramento
96%
Florida Tallahassee
94%
Texas Austin
93%
Idaho Boise
93%
New York Albany
91%
Indiana Indianapolis
91%
Massachusetts Boston
90%
Colorado Denver
90%
Iowa Des Moines
90%
Hawaii Honolulu
90%
Alaska Juneau
90%
Tennessee Nashville
90%
Oklahoma Oklahoma City
90%
Utah Salt Lake City
90%
Ohio Columbus
89%
Nebraska Lincoln
89%
Arkansas Little Rock
89%
Alabama Montgomery
89%
North Carolina Raleigh
89%
Delaware Dover
87%
Louisiana Baton Rouge
86%
Kentucky Frankfort
86%
Mississippi Jackson
86%
Virginia Richmond
86%
South Carolina Columbia
84%
Montana Helena
84%
Michigan Lansing
84%
Washington Olympia
84%
New Mexico Santa Fe
84%
Maryland Annapolis
83%
Nevada Carson City
83%
West Virginia Charleston
83%
Wisconsin Madison
83%
Minnesota Saint Paul
83%
Illinois Springfield
83%
Kansas Topeka
83%
New Jersey Trenton
83%
Wyoming Cheyenne
81%
Connecticut Hartford
81%
South Dakota Pierre
81%
Rhode Island Providence
81%
North Dakota Bismarck
80%
Oregon Salem
80%
Maine Augusta
77%
Missouri Jefferson City
77%
Pennsylvania Harrisburg
76%
Vermont Montpelier
74%
New Hampshire Concord
71%
No matching quizzes found
Score Distribution
Percent of People with Each Score
Percentile by Number Answered
Your Score History
You have not taken this quiz